| 000 | 00599nam a22002177a 4500 | ||
|---|---|---|---|
| 003 | UA-OsUOA | ||
| 001 | 123259 | ||
| 007 | ta | ||
| 008 | 20170612b un ||||| |||| 00| 0 ukr d | ||
| 100 | _aЧадюк М. | ||
| 090 |
_a94(477) _bЧ-13 |
||
| 942 | _cSA | ||
| 040 |
_aUA-OsUOA _bukr _cUA-OsUOA _dUA-OsUOA |
||
| 245 | _aЛитовсько-Руська імперія: історія Ольгерда Гедиміновича | ||
| 300 | _aС.21 | ||
| 955 | _a0 | ||
| 041 | _aukr | ||
| 080 | _a94(477) | ||
| 773 | 0 | _w123257 | |
| 650 | 7 |
_a9 Географія. Біографії. Історія _2UDC |
|
| 999 |
_c410168 _d410168 |
||